000 00749cam a2200217 a 4500
001 000008256
005 20250207093022.0
008 770221s1977 cu 001 f spa
040 _aDO-SdBNP
_cBNPHU
082 _aB869.4
_bA481m
100 1 _aAmado, Jorge
_d1912-2001
_910009
245 1 0 _aMar muerto :
_bnovela /
_cJorge Amado ; prólogo de Pedro Díaz González , edición de Armando Ferrer.
260 _aLa Habana :
_bArte y Literatura,
_bHuracán,
_c1977.
300 _a318 p. ;
_c19 cm.
504 _aIncluye indice p.(317 -318)
650 0 _aNovela brasileña
_913650
650 4 _aLiteratura brasileña
_9823
700 1 _aDíaz González, Pedro,
_eprol.
_922381
700 1 _aFerrer, Armando,
_eed.
_922382
910 _aCatalogación derivada
999 _c8027
_d8027